Horizon Forbidden West : Machines In Real Life - Statistics

General Stats
  • This quiz has been taken 141 times
  • The average score is 23 of 41
Answer Stats
Hint Answer % Correct
Grazer Deer
91%
Fanghorn Deer
91%
Stormbird Eagle/Condor
80%
Slitherfang Snake/Cobra
80%
Tallneck Giraffe/Brachiosaurus
78%
Tremortusk Mammoth/Elephant
78%
Frostclaw Bear
77%
Fireclaw Bear
77%
Snapmaw Crocodile/Alligator
77%
Leaplasher Kangaroo
74%
Thunderjaw Tyrannosaurus
73%
Plowhorn Triceratops
71%
Grimhorn Triceratops
71%
Dreadwing Bat
68%
Shellwalker Crab
66%
Redeye Watcher Velociraptor
62%
Spikesnout Anteater/Aardvark
61%
Charger Ram/Goat
61%
Scrounger Hyena
60%
Scrapper Hyena
60%
Widemaw Hippopotamus
59%
Longleg Ostrich/Terror Bird
58%
Stalker Tiger/Jaguar
57%
Rockbreaker Mole/Worm
56%
Scorcher Wolf
56%
Ravager Lion
55%
Bristleback Boar/Warthog
54%
Glinthawk Vulture
51%
Slaughterspine Spinosaurus
46%
Shellsnapper Snapping Turtle
44%
Rollerback Pangolin/Armadillo
43%
Corruptor Scorpion
43%
Tideripper Plesiosaur
38%
Behemoth Rhinoceros
35%
Burrower Otter
33%
Clamberjaw Baboon
31%
Lancehorn Gazelle
29%
Bellowback Baryonyx
17%
Sunwing Pteranodon
16%
Clawstrider Utahraptor
15%
Skydrifter Archaeopteryx
9%
No matching quizzes found
Score Distribution
Percent of People with Each Score
Percentile by Number Answered
Your Score History
You have not taken this quiz